| 000 | 00699nam a22002057a 4500 | ||
|---|---|---|---|
| 090 | _c | ||
| 008 | 090202t xxu||||| |||| 00| 0 eng d | ||
| 020 | _a9780444522047 (hbk.) | ||
| 082 |
_222 _a662.2 _bCOU |
||
| 245 |
_aCounterterrorist detection techniques of explosives / _cEdited by Jehuda Yinon. |
||
| 260 |
_aAmsterdam ; _aLondon : _bElsevier, _cc2007. |
||
| 300 |
_axiv, 440 p. : _bill. ; _c25 cm. |
||
| 500 | _aFormerly CIP. | ||
| 504 | _aIncludes bibliographical references and index. | ||
| 650 |
_91949 _aExplosives _vDetection. |
||
| 650 |
_91950 _aBombings _vPrevention. |
||
| 650 |
_91951 _aTerrorism _vPrevention. |
||
| 700 |
_91948 _aYinon, Jehuda. |
||
| 942 |
_2ddc _cBB |
||
| 999 |
_c10592 _d10592 |
||